Countries you can fly to from Urumqi Airport (URC) - Statistics

General Stats
  • This quiz has been taken 11 times
  • The average score is 16 of 17
Answers on the Map
Answers color-coded by a green-red scale on the quiz's map according to % correct below.
 
Answer Stats
Number of destinations Country % Correct
1 Armenia
100%
1 Azerbaijan
100%
81 China
100%
1 Georgia
100%
1 Iran
100%
3 Kazakhstan
100%
1 Pakistan
100%
1 Russia
100%
1 Saudi Arabia
100%
1 Tajikistan
100%
1 Turkey
100%
1 Turkmenistan
100%
1 United Arab Emirates
100%
2 Kyrgyzstan
90%
1 Uzbekistan
90%
1 Malaysia
70%
1 Belarus
60%
No matching quizzes found
Score Distribution
Percent of People with Each Score
Percentile by Number Answered
Your Score History
You have not taken this quiz